000 02878cas a22005657a 4500
003 CHAP
005 20231010062646.0
008 001017 tr pernn 0 b1eng-d
010 _a96354
011 _a97326
022 _a1573-5214
035 _a107990
040 _cCHAP
245 0 0 _aNAJS - Wageningen Journal of Life Sciences
260 0 _aWageningen, The Netherlands:
_bRoyal Netherlands Society for Agricultrual Sciences
_c19-
300 _av.
_bilus.
310 _aTrimestral
362 _av. 54 n.1, 2006
590 _aBATCH-UPD
_b10
_c20130110
_lUCH01
_h0214
590 _aBATCH-UPD
_b10
_c20130110
_lUCH01
_h0858
590 _aBATCH-UPD
_b10
_c20130409
_lUCH01
_h2231
590 _aBATCH-UPD
_b10
_c20130913
_lUCH01
_h2116
590 _aCONVERSION
_b10
_c20130109
_lUCH01
_h1353
650 0 7 _aAgricultura
_xPublicaciones periódicas
_2
_91772
650 0 4 _aBiología
_xPublicaciones periódicas.
_912799
852 2 _yISSUE
_d2012-12-17
_503
852 2 _yISSUE
_d2012-12-17
_503
852 2 _yISSUE
_d2012-12-17
_503
852 2 _yISSUE
_d2012-12-17
_503
852 2 _yISSUE
_d2012-12-17
_503
852 2 _yISSUE
_d2012-12-17
_503
852 2 _yISSUE
_d2012-12-17
_503
852 2 _yISSUE
_d2012-12-17
_503
852 2 _yISSUE
_d2012-12-17
_503
866 _av. 54 n. 1 (March 2006) - v. 54 n. 2 (June 2006)
866 _av. 55 n. 2 (June 2007) - v. 55 n. 4 (December 2007)
866 _av. 56 n. 1 (March 2008) - v. 56 n. 4 (December 2008)
901 _aSE
905 _aAraceli Hernández Gómez.
942 _cISSUE
949 _bBC
_cPS
_d202938
_ePS
_fv. 54 n. 1 ( March 2006)
_i107990
_j54
_sn
949 _bBC
_cPS
_d202939
_ePS
_fv. 54 n. 2 ( June 2006)
_i107990
_j54
_sn
949 _bBC
_cPS
_d203225
_ePS
_fv. 55 n. 2 ( June 2007)
_i107990
_j55
_sn
949 _bBC
_cPS
_d203226
_ePS
_fv. 55 n. 3 ( September 2007)
_i107990
_j55
_sn
949 _bBC
_cPS
_d203227
_ePS
_fv. 55 n. 4 ( December 2007)
_i107990
_j55
_sn
949 _bBC
_cPS
_d203228
_ePS
_fv. 56 n. 1 ( March 2008)
_i107990
_j56
_sn
949 _bBC
_cPS
_d203229
_ePS
_fv. 56 n. 2 ( June 2008)
_i107990
_j56
_sn
949 _bBC
_cPS
_d203230
_ePS
_fv. 56 n. 3 ( September 2008)
_i107990
_j56
_sn
949 _bBC
_cPS
_d204918
_ePS
_fv. 56 n. 4 ( December 2008)
_i107990
_j56
_sn
999 _c96354
_d96354